000 01237cam a22003134a 4500
999 _c174593
_d174593
001 13266391
003 Nust
005 20170202110126.0
008 020808s2003 enk b 000 f eng d
010 _a 2003275315
020 _a9780140449136
040 _aDLC
_cDLC
_dDLC
041 1 _aeng
_hrus
042 _apcc
050 0 0 _aPG3326
_b.P7 2003
082 0 0 _a891.733
_bDOS
100 1 _aDostoyevsky, Fyodor,
_d1821-1881.
240 1 0 _aPrestuplenie i nakazanie.
_lEnglish
245 1 0 _aCrime and punishment /
_cFyodor Dostoyevsky ;
250 _a[Rev. ed.].
260 _aLondon ;
_aNew York :
_bPenguin,
_c2003.
300 _axxxiv, 671 p. ;
_c20 cm.
440 0 _aPenguin classics
504 _aIncludes bibliographical references (p. [xxiii]-xxiv).
700 1 _aMcDuff, David,
_d1945-
856 4 2 _3Contributor biographical information
_uhttp://www.loc.gov/catdir/enhancements/fy0716/2003275315-b.html
856 4 2 _3Publisher description
_uhttp://www.loc.gov/catdir/enhancements/fy0716/2003275315-d.html
906 _a7
_bcbc
_corignew
_d3
_encip
_f20
_gy-gencatlg
942 _2ddc
_cBK